000
00310nam a22001217a 4500
082
_a
004 BRE
100
_a
BRENNER, ROBERT.C
_9
36708
245
_a
IBM PC TROUBLESHOOTING AND REPAIR GUIDE
260
_a
NEW DELHI
_b
BPB PUBLICATION
_c
1994
300
_a
204P
650
_a
PC REPAIR GUIDE
_9
60753
942
_c
BK
999
_c
570405
_d
570405